[Event "Hoogeveen Essent Crown"]
[Site "Hoogeveen"]
[Date "2002.10.14"]
[Round "2"]
[White "Acs, Peter"]
[Black "Van Wely, Loek"]
[Result "1-0"]
[WhiteElo "2591"]
[BlackElo "2681"]
[Annotator "Stohl,I"]
[PlyCount "75"]
[EventDate "2002.10.13"]
[EventType "tourn"]
[EventRounds "6"]
[EventCountry "NED"]
[EventCategory "17"]
[SourceTitle "CBM 092"]
[Source "ChessBase"]
[SourceDate "2003.02.06"]
[SourceVersion "1"]
[SourceVersionDate "2003.02.06"]
[SourceQuality "1"]

1. e4 {Ftacnik} c5 2. Nf3 d6 3. d4 cxd4 4. Nxd4 Nf6 5. Nc3 a6 6. Be3 {The
English Attack has become one of the most analysed modern theoretical lines.
White's aggressive setup with f3 and g4, used originally only against the
Dragon, has become a popular weapon against the Najdorf, Scheveningen and even
Paulsen.} e6 {This move is Van Wely's favourite, although he has sporadically
tried other reactions. But the B80 variation has brought him little luck
lately (only 1/5 in Wijk 2000).} ({A less forcing alternative is the typical
Najdorf move} 6... e5 7. Nb3 Be6 8. f3 Be7 9. Qd2 O-O 10. O-O-O Qc7 11. g4 Rc8
$5 12. Kb1 d5 $1 13. exd5 Nxd5 14. Nxd5 Bxd5 15. Be2 a5 16. Bb6 Qxb6 17. Qxd5
Qc7 18. Bd3 a4 19. Nd2 a3 20. Bc4 axb2 21. Qxf7+ Kh8 $132 {Movsesian,
S-Sutovsky,E/SVK-ch/2002/}) 7. f3 ({Even more forcing is} 7. g4 e5 8. Nf5 g6 9.
g5 gxf5 10. exf5 d5 11. gxf6 d4 12. Bc4 Qc7 13. Qd3 dxe3 14. O-O-O exf2 15.
Bxf7+ Kxf7 16. Qd5+ Kxf6 17. Ne4+ Ke7 18. f6+ Ke8 19. f7+ Ke7 20. Qd2 Qb6 21.
Qg5+ Kxf7 22. Rhf1 Bh6 23. Rxf2+ Ke8 24. Rd8+ Qxd8 25. Qxh6 Qe7 26. Nf6+ Kd8
27. Nd5 Qe6 28. Qg5+ Kd7 29. Qg7+ Kc6 30. Rf6 Kxd5 31. Rxe6 Kxe6 32. Qxh8 Nd7
33. Qg8+ $1 Kd6 34. Qxh7 b6 35. h4 Bb7 36. h5 Bd5 37. Qg6+ {Perez,R-Dominguez,
L/Holguin City/2002/ and now the correct} Kc7 $1 38. h6 Rg8 39. Qh5 Rg1+ $11 {
gives Black (at least) a draw.}) 7... b5 8. Qd2 (8. g4 {is more precise, as
White one move earlier forces Black to choose between} h6 {or, on the other
hand} (8... Bb7) ({or} 8... Nfd7)) 8... Nbd7 9. g4 h6 {This became the main
line already some 15 years ago, when the theory of the English Attack only
started to develop. Black gains time, but on the other hand seriously weakens
his >>, which nearly always excludes 0-0. Lately he often tries to avoid this
by} (9... Nb6 10. O-O-O {More circumspect is} Bb7 $142 ({Very dangerous is} 
10... Nfd7 11. Ndxb5 $5 axb5 12. Nxb5 Ba6 (12... d5 $6 13. Qc3 $40 {/\} Nc5 14.
Bxc5 Na4 15. Qe5 $18) (12... Rxa2 $6 13. Kb1 Ra8 14. Nxd6+ Bxd6 15. Qxd6 $16 {
/\Bb5->}) 13. Nxd6+ Bxd6 14. Qxd6 Nc4 (14... Bxf1 15. Bxb6 Qg5+ 16. f4 Qb5 17.
Rhxf1 Nxb6 18. b3 $36 {is also unpleasant for Black, his K remains in the [+].}
) 15. Bxc4 Bxc4 16. a3 (16. Qd4 Be2 17. Qxg7 Rf8 $13) 16... Be2 (16... e5 17.
Rd2 Be6 18. Rhd1 g5 19. Qc6 Rc8 20. Qb5 Rg8 21. Rd3 Rg6 22. a4 Qc7 23. Rc3 $16
Bc4 $2 24. Rxc4 Qxc4 25. Qxd7+ Kf8 26. c3 Rgc6 27. Bxg5 Qxa4 28. Bh6+ {1-0,
Atalik,S-Wojtkiewicz,A/San Francisco/2002/}) 17. Rd2 Bxf3 18. Rf1 Bxe4 19. Rfd1
Bf3 (19... Bd5 $2 20. Rxd5 exd5 21. Re1 Ne5 22. Qxe5+ Kf8 23. Bd4 f6 24. Qe6
Rc8 25. Bb6 {1-0,Goloshchapov,A-Aroshidze,L/Batumi/2002/}) 20. Bg5 Qxg5 21.
Qxd7+ Kf8 22. Rf1 Qxg4 23. Qc7 $5 Ke8 24. Rd3 $14 {Goloshchapov}) 11. Qf2 Nfd7
12. Bd3 Rc8 13. Nce2 {and now Black has more than one move, leading to a
complex and sharp position:} Na4 $5 $13 (13... Qc7) ({or} 13... Nc5)) 10. O-O-O
Bb7 11. h4 ({The alternative is} 11. Bd3 {The most recent top game in this
line went} {Although Black won the game, he didn't manage to fully solve his
opening problems. Therefore the continuations} Ne5 (11... b4 12. Nce2 (12. Na4
$142 $5) 12... d5 13. exd5 Nxd5 14. Nf4 Qa5 15. Bc4 Ne5 16. Bxd5 Bxd5 17. Nxd5
Qxd5 18. b3 Be7 19. Qe2 Nd7 20. Kb1 Qb7 21. Rhe1 Nf6 22. Bc1 O-O 23. Bb2 Rfd8
24. f4 $14 {Morozevich,A-Ehlvest,J/WCup Hyderabad/2002/}) 12. Rhe1 Rc8 $13 {
or the older} (12... b4 {deserve more attention.})) 11... b4 12. Na4 Qa5 13. b3
Nc5 (13... Be7 $6 14. Bh3 g5 15. a3 (15. hxg5 hxg5 16. Bxg5 $4 Nxe4 $1 $19) (
15. Bg2 $5 Rg8 16. hxg5 hxg5 17. Rhe1 Nc5 18. a3 Rc8 19. axb4 Nxb3+ 20. Nxb3
Qxa4 21. Kb2 d5 22. Bc5 $40 {Zontakh,A-Pisakov,I/Alushta/2002/}) 15... d5 16.
hxg5 hxg5 17. e5 Nxe5 18. Bxg5 {and here compared to the 12...d5 13.Bh3 g5
line Black's Q is offside, White has the |^ after} Nc4 (18... Ned7 19. Bxf6 $1
{[%cal Rg4g6] /\g5-g6}) 19. axb4 Bxb4 (19... Qxa4 20. bxa4 Nxd2 21. Bxd2 Nd7 (
21... Nh7 22. Bf1 Bf6 23. Nb3 $16) 22. g5 Rg8 23. Rhg1 Ne5 24. f4 $16 {
Inarkiev,E-Janssen,R/Moscow op/2002/}) 20. Qe2 Nh7 (20... Ng8 21. Nxe6 $1 fxe6
22. Qxe6+ Ne7 23. Bg2 $18) 21. Bh4 $1 {[%cal Rd4e6] /\Ne6} Kd7 22. Nxe6 fxe6
23. Qxc4 $16) 14. a3 Rc8 (14... Nxa4 15. axb4 Qc7 16. bxa4 d5 17. e5 Nd7 18. f4
Nb6 {is the other crucial line, the most recent games have shown White doesn't
have to go for the wild complications and has some edge even after the less
committal} 19. Rh3 $5 (19. f5 $13) 19... Nxa4 (19... Nc4 20. Qc3 Rc8 21. Bd2
Be7 22. Be1 Rb8 23. f5 Bc8 24. Bxc4 dxc4 25. Qf3 Bd7 26. fxe6 fxe6 27. g5 hxg5
28. hxg5 Rxh3 29. Qxh3 Qxe5 30. Qh5+ Kf8 {Kasparov,G-Topalov,V/Wijk aan Zee/
2001/} 31. Bd2 $1 $16) 20. Bf2 Rc8 21. Be1 Be7 (21... Nb6 $5 22. f5 Nc4 23.
Bxc4 Qxc4 24. fxe6 fxe6 25. Rf3 {[%csl Re6] ->,><e6}) 22. f5 exf5 23. Nxf5 O-O
24. Nxe7+ Qxe7 25. Qd4 f6 26. Re3 fxe5 27. Rxe5 Qd6 28. Bd3 Nb6 29. Bc3 Qc7 30.
Re6 Qxc3 31. Qxc3 Rxc3 32. Rxb6 $14 {Potkin,V-Galkin,A/Krasnodar/2002/}) 15.
axb4 (15. Qxb4 Qc7 16. Kb1 (16. Nxc5 dxc5 17. Qa4+ Nd7 18. Ne2 c4 19. Bf4 Qc6
20. Kb2 Qxa4 21. bxa4 Be7 22. Nc3 Bf6 23. Be2 Nb6 24. e5 Be7 25. a5 Nd5 26. Bd2
f6 27. Nxd5 Bxd5 28. Bc3 fxe5 29. Bxe5 O-O $11 {Anand,V-Kasparov,G/RUS-ROW
Moscow/2002/}) 16... d5 $5 (16... Ncd7 $6 17. Qd2 d5 18. Bh3 dxe4 19. g5 hxg5
20. hxg5 Nd5 {Anand,V-Khalifman,A/WCup Shenyang/2000/} 21. Bxe6 $1 $40) (16...
Nfd7 17. Nb2 d5 18. Qd2 $5 dxe4 19. f4 Nf6 20. Bc4 $1 Nxg4 21. f5 e5 22. Ne2
$44 {Movsesian,S-Kulaots,K/Istanbul olm/2000/}) (16... e5 $6 17. Nxc5 exd4 18.
Qxb7 Qxc5 19. Bc1 $1 Qxc2+ 20. Ka1 $32 {->+/-}) 17. Nxc5 Bxc5 18. Qa4+ Ke7 $1
19. b4 Bd6 $13) 15... Nxb3+ 16. Nxb3 Qxa4 17. Kb2 d5 18. c3 {This position
also underwent some development.} ({Weaker is the older} 18. Nc5 $6 {But much
better is} Qc6 $142 $1 $15 {when White's [+] is falling apart. The main
tactical idea is} (18... Bxc5 $6 19. Bxc5 Rxc5 (19... dxe4 $2 20. b5 $1 {
[%csl Ra4,Re8] ->ףa4,Ke8}) 20. bxc5 O-O 21. Ra1 Qc6 $14 {~~ and although
White should be better, Black's <=> can't be underestimated.}) 19. e5 Nd7 20.
Nxd7 $2 Bxb4 $1 $19) 18... dxe4 19. Na5 $1 $146 {[%mdl 8]} ({The older move} 
19. Ra1 Qd7 20. Qxd7+ Kxd7 $1 {leads to an immediate draw, or a position,
which is OK for Black:} (20... Nxd7 21. Na5 Bd5 22. Bxa6 Rb8 23. fxe4 Bxe4 24.
Rhe1 $16) 21. Na5 (21. Rd1+ Kc7 22. Bf4+ Kb6 23. Be3+ {1/2,Khalifman,A-Gelfand,
B/Wijk aan Zee/2002/}) 21... Bd5 22. Bxa6 exf3 $1 23. Bxc8+ (23. c4 Bxb4 $1)
23... Kxc8 $44 {[%csl Gf3] o^f3}) 19... Bd5 $8 (19... Nd5 $2 20. Ra1 Qd7 21.
Nxb7 Rxc3 22. Nc5 $18) 20. Ra1 Qd7 21. Bxa6 exf3 $1 {[%mdl 512] The exchange
sacrifice is the best reaction, Black has no time to save his R.} (21... Ra8
22. Nc4 {/\Nb6} Rxa6 (22... Rb8 23. Qh2 $1 (23. Ba7 $5 Bxc4 (23... Rd8 24. Ne5
$40) 24. Qxd7+ Nxd7 25. Bxc4 $18) 23... Qd8 24. Ba7 $18) (22... Bxc4 $2 23. Bb5
$1 $18) 23. Rxa6 exf3 (23... Qb5 24. Rha1 $1 $18 {/\Ra8}) 24. Nb6 $16) ({
The other R-move} 21... Rb8 {gives White time for} 22. g5 $40 {/\} hxg5 23.
hxg5 Rxh1 24. Rxh1 Qd8 25. Bb7 $1 Bxb7 26. Qxd8+ Kxd8 27. gxf6 {[%cal Re3f4,
Rh1h8] /\Bf4,Rh8} Bd5 28. Rh8 Kd7 29. fxe4 (29. fxg7 $2 Rxb4+ $1 30. Kc2 Bxg7
$11) 29... Bxe4 30. Bc5 $18 {All these lines show Black's main problem-his
lack of development.}) 22. Bxc8 Qxc8 23. g5 $32 Ne4 ({More natural than} 23...
Ng4 $143 24. Bd4 $14) 24. Qc2 (24. Qd3 Qb8 $5 $44 {Compared with the above
mentioned _|_ with the extra exchange after 19.Ra1 here one can see Black's K
is much more threatened with the Q still on the board.}) 24... Bd6 {[%cal
Rd6e5] /\Be5 Logical, weaker moves are} (24... g6 25. Bd4 $16 {or}) (24... hxg5
25. hxg5 Rxh1 26. Rxh1 g6 27. Rh8 Qc7 28. Bd4 $1 e5 29. Be3 $16 {[%csl Rf8]
[%cal Rc2a4,Rc3c4] /\Qa4,c4 and the Bf8 can't enter the game, while the o^f3
remains cut off from Black's forces.}) 25. Bd4 e5 {[%csl Rd5] This weakens the
outpost of the Bd5. But it's not clear if Black can do without such a move:} (
25... O-O $143 $6 26. gxh6 g6 27. c4 Ba8 28. c5 Be7 (28... Bc7 29. c6 Bxa5 30.
h7+ $1 Kxh7 31. h5 $18 {->}) 29. c6 $1 Ng3 30. h7+ $1 Kxh7 31. h5 $18 {[%cal
Gh1h8] with a decisive -> on the h<->.}) ({More to the point is} 25... hxg5 {
but even here White has} 26. c4 $5 ({Less incisive is} 26. hxg5 Rxh1 27. Rxh1
Ke7 28. Re1 f5 $5 29. gxf6+ Nxf6 $13) 26... e5 (26... Ng3 27. Bxg7 Be4 28. Qd1
$1 Qb8 29. Bxh8 Qxb4+ 30. Nb3 Nxh1 31. Qxh1 $14 {leads to a wild position, but
after all White has an extra R and should be able to contain Black's P.}) 27.
Be3 Ba8 (27... Ng3 $6 28. Qd3 $1 Nxh1 29. Qxd5 $16) 28. hxg5 $36) 26. Be3 hxg5
(26... f5 {Ftacnik} 27. gxf6 Nxf6 28. Qg6+ Bf7 29. Qd3 (29. Qxg7 $2 {Ftacnik}
Rg8 30. Qxh6 Rg2+ 31. Bd2 Ne4 $19) 29... Bc7 30. Nc6 $14) 27. hxg5 Rxh1 (27...
Ke7 $2 28. Rxh8 Qxh8 29. c4 Bxb4 (29... Ba8 30. c5 $18 {[%csl Gb4,Gc5] o^b,c})
30. cxd5 Bc3+ 31. Kb3 Qb8+ 32. Kc4 Qb4+ 33. Kd3 $18 {doesn't work.}) 28. Rxh1
Qg4 $2 {[%mdl 8192] An attempt to support the o^f3 seems natural enough, but
it's a tactical mistake, as now White wins by force.} ({Necessary was} 28...
Ke7 29. Rd1 {[%cal Yc2d3] /\Qd3|^ and although White retains an advantage, the
game is not yet decided.} (29. c4 $6 Bxb4 30. cxd5 Qxc2+ 31. Kxc2 Bxa5 32. Ra1
Bc7 $11) (29. Qd3 {Ftacnik} Ba8 $13)) 29. c4 Be6 (29... Ba8 30. Qa4+ Ke7 31.
Rh8 $18 {[%cal Rh8a8,Ra4e8] /\Qe8#,Ra8}) (29... Qg2 $2 30. cxd5 Qxh1 31. Qc8+
Ke7 32. Nc6#) 30. Rh8+ Bf8 $8 (30... Ke7 31. c5 {loses material or leads to
mate after} Bc7 32. Nc6+ Kd7 33. Qd3+ $1 Kxc6 34. b5+ Kb7 35. c6#) 31. Qd3 $18
{[%cal Rh8f8,Ra5c6] /\Rf8,Nc6} Bd7 {Black parries both threats, but the N
joins the attack anyway.} (31... f5 32. Nc6 Bd7 33. Nxe5 $18) (31... f6 32. Nc6
Bd7 33. Bc5 $1 $18 {/\} Nxc5 $2 34. Qg6#) 32. Nb7 (32. c5 Ke7 (32... f2 33. c6
$18) 33. c6 Be8 34. c7 $18) 32... f2 (32... Qg2+ 33. Kb3 f2 34. Nd6+ $1 Ke7 35.
Nxe4 f1=Q 36. Qd6+ $18) (32... Nxg5 33. Qd6 Nh7 (33... Ne6 34. Nc5 $18) 34. Bc5
$18) 33. Nc5 $1 {Now Black loses his only trump and the game is over.} f1=Q ({
Black gets mated after} 33... Nxc5 $2 34. Bxc5 $18) ({or} 33... Bf5 $2 34.
Rxf8+ Kxf8 35. Qd8#) (33... Bc6 34. Nxe4 f1=Q (34... Qxe4 35. Qd6 $1 $18) 35.
Nd6+ Kd7 36. Qxf1 $18) 34. Qxf1 Bf5 35. Qd3 f6 (35... Nf6 36. Qd6 Qe2+ 37. Bd2
Nh7 38. Na6 f6 39. g6 $1 Bxg6 40. Nc7+ Kf7 41. Qe6#) 36. Nxe4 Bxe4 {Black was
lost anyway, now he gets mated.} (36... Qxe4 37. Qxe4 Bxe4 38. Bc5 $18) 37. Qd6
Qe2+ 38. Bd2 1-0

[Event "USA-ch"]
[Site "Saint Louis"]
[Date "2016.04.17"]
[Round "4"]
[White "Caruana, Fabiano"]
[Black "Nakamura, Hikaru"]
[Result "1-0"]
[WhiteElo "2795"]
[BlackElo "2787"]
[Annotator "Szabo,Kr"]
[PlyCount "61"]
[EventDate "2016.04.14"]
[EventType "tourn"]
[EventRounds "11"]
[EventCountry "USA"]
[EventCategory "17"]
[SourceTitle "CBM 172"]
[Source "ChessBase"]
[SourceDate "2016.05.12"]
[SourceVersion "1"]
[SourceVersionDate "2016.05.12"]
[SourceQuality "1"]

1. e4 c5 2. Nf3 d6 3. d4 cxd4 4. Nxd4 Nf6 5. Nc3 a6 6. f3 e6 7. Be3 h5 {
A rare variation in this 6...e6 system. Black wants to stop White's kingside's
attack by g4, however this is a weakness for Black, meaning he probably can't
castle on the kingside.} 8. a4 (8. Bc4 {was also tried by Leko,} Nc6 9. Qd2 Na5
10. Bb3 Be7 11. O-O-O b5 12. Kb1 Bd7 13. Rhe1 b4 14. Nce2 g6 15. Nc1 e5 16.
Nde2 Nxb3 17. Nxb3 a5 $13 {Leko-Topalov, Morelia/Linares 2006, with an unclear
middlegame.}) (8. Qd2 {is the most common move.}) 8... Nc6 9. Bc4 $146 {
A novelty by Caruana.} ({Before} 9. Be2 {was played} d5 10. exd5 Nxd5 11. Nxd5
Qxd5 12. Nxc6 Qxc6 (12... bxc6 13. f4 $1 Rb8 14. Bf3 Qc4 15. Qd4 Qxd4 16. Bxd4
$36 {Hracek-Ki.Georgiev, Herceg Novi 2001, with a tempting endgame for White.})
13. O-O Bc5 14. Bxc5 Qxc5+ 15. Kh1 h4 16. Bd3 h3 17. g3 Bd7 18. Qe2 Rc8 $132 {
Soltanici-Arribas Lopez, Roquetas de Mar 2015, and Black looks fine.}) 9... Qc7
10. Qe2 Be7 11. O-O Ne5 12. Bb3 Bd7 13. f4 $5 {A brave move by Caruana,
because Black can gain the e3-B. On the other hand White also gains some tempi
and he would like to break in the centre.} Neg4 14. Kh1 Nxe3 15. Qxe3 Qc5 16.
Rad1 g6 $6 {A typical move, but here I think this is an inaccuracy, because
the g6-pawn can be a target for White.} (16... Rc8 17. Qe2) ({or even} 16...
O-O $5 {which is suggested by the computer.}) 17. Qe2 $1 {White avoids the pin.
Now he is ready for the break-through with e5 or f5.} O-O-O (17... O-O {
is too dangerous, because of} 18. f5 $1 $16 {and White has a strong attack.})
18. f5 (18. e5 $5 {was also tempting,} Ne8 (18... dxe5 19. fxe5 Ng4 20. Rxf7
$16 {and White is better.}) 19. Ne4 Qc7 20. Rf3 $36 {with a strong initiative.}
) 18... e5 19. Nf3 gxf5 20. Ng5 $1 f4 21. Rd3 $1 {A great move. White avoids ..
.Bg4, moreover the R is very useful on the 3rd rank.} ({The immediate} 21. Nxf7
{could have been met by} Bg4 {.}) 21... Kb8 22. Nxf7 h4 23. Nxh8 Rxh8 24. Qf2
Qb4 $2 {In the Sicilian after a4 usually the b4-square is comfortable for the
Q. However at this moment this is not true; it only helps White's attack on
the queenside.} ({A more solid move was} 24... Qa5 25. Qe1 ({of course now} 25.
Nd5 $2 {does not work, because of} Nxe4 $17) 25... Qc7 26. Nd5 Nxd5 27. Bxd5
Bxa4 28. Rc3 Qd7 29. Qf2 $16 {and White should be better.}) 25. Nd5 Nxd5 26.
Bxd5 {Suddenly the b3-B becomes very strong and White is threatening with the
immediate Rb3.} Bxa4 $2 {Loses immediately, but Black's position was already
bad.} ({In case of} 26... Bc8 27. Ra1 $16 {and White is a clear exchange up
moreover his pieces are more active.}) 27. Ra3 $1 {A really strong move, now
Black can't save his B.} h3 28. c3 Qb5 (28... hxg2+ {doesn't change anything,}
29. Qxg2 $18 {and White wins, as in the game.}) 29. b3 Bh4 30. bxa4 Qd3 31. g3
{A nice victory by Caruana!} 1-0

[Event "Tata Steel-A 77th"]
[Site "Wijk aan Zee"]
[Date "2015.01.12"]
[Round "3"]
[White "Ivanchuk, Vassily"]
[Black "Van Wely, Loek"]
[Result "1-0"]
[WhiteElo "2715"]
[BlackElo "2667"]
[Annotator "Szabo,Kr"]
[PlyCount "75"]
[EventDate "2015.01.10"]
[EventType "tourn"]
[EventRounds "13"]
[EventCountry "NED"]
[EventCategory "20"]
[SourceTitle "CBM 165"]
[Source "ChessBase"]
[SourceDate "2015.03.11"]
[SourceVersion "1"]
[SourceVersionDate "2015.03.11"]
[SourceQuality "1"]

1. e4 c5 2. Nf3 e6 3. d4 cxd4 4. Nxd4 Nc6 5. Nc3 d6 6. Be3 Nf6 7. Qe2 $5 {
This is a slightly rare move, but very powerful. White prepares for 0-0-0 and
he can play for plans involving f4, e5 or g4-g5.} (7. Qd2) ({and} 7. Be2 {
are much more common lines.}) 7... a6 8. O-O-O Bd7 $6 {A small inaccuracy.
Black wants to avoid g4, but sometimes the B is passive on d7. Now White gets
a strong initiative.} (8... Qc7 {is more popular.}) 9. f4 (9. g4 $6 {could
have been met by} Nxd4 10. Bxd4 e5 $132 {and the g4 P is lost.}) 9... Rc8 $146
{First Black wants to develop the queenside.} (9... Nxd4 10. Bxd4 Rc8 (10...
Bc6 $6 11. g4 Qa5 12. g5 Nd7 13. h4 O-O-O 14. Bh3 Kb8 15. Kb1 $16 {and White
is better, Baghdasaryan-Ter Sahakyan, Jermuk 2013.}) 11. Kb1 $36) (9... Be7 10.
Kb1 $14 {is also comfortable for White.}) 10. Kb1 Qc7 ({The natural
development with} 10... Be7 $6 {allows the immediate attack for White} 11. g4
$1 Nxd4 12. Bxd4 e5 13. fxe5 Bxg4 14. exf6 $1 {This is the point! White
sacrifices his Q, but he gets three minor pieces.} Bxe2 15. fxe7 Qxe7 16. Bxe2
$18 {and White has a winning position.}) 11. Nb3 $1 {A deep move. The N leaves
the centre, because White has a space advantage and he doesn't want to
exchange on d4. Now he is ready for the attack with g4.} (11. g4 {was a little
bit early, as} Nxd4 12. Rxd4 (12. Bxd4 $6 e5 $1) 12... e5 $132 {and White will
have some compensation for the P, however the position is still complicated.})
11... b5 12. g4 b4 13. Na4 {Black has chased away the c3 N, but now the b6
square is unpleasant for Black.} e5 (13... Nxe4 $4 {does not work, because of}
14. Bb6 $18 {and White wins.}) 14. g5 Bg4 15. Qg2 $1 {The strongest move.} Bxd1
16. Bxa6 $1 {A very nice intermediate move! White doesn't immediately take the
f6 N, now the d1 B is also hanging.} Nd7 (16... Ng4 17. Bb6 $1 $18) ({or} 16...
Ra8 17. Bb6 Qd7 18. Bb5 Bh5 19. gxf6 $18 {followed by Na5 and Black is
hopeless.}) 17. Rxd1 ({Probably} 17. Bxc8 $1 {was the best reply} Qxc8 18. Rxd1
Qa6 19. Qh3 $3 {What a fantastic tactical move! White is threatening Qxd7 and
g6 too.} Qxa4 (19... Ncb8 20. g6 $1 $18 {with a decisive attack.}) 20. Qxd7+ $1
Kxd7 21. Nc5+ Kc7 22. Nxa4 $16 {and White is a healthy P up.}) 17... Ra8 (17...
Rb8 18. f5 $36) 18. Bb5 Be7 (18... Rb8 19. c4 $16) 19. f5 (19. fxe5 {was also
strong,} O-O (19... Ndxe5 20. Nb6 $16) 20. exd6 Bxd6 21. e5 $1 Ncxe5 22. Qd5
$16 {and White is better.}) 19... Qb7 $2 {A logical move to attack the B. On
the other hand, this is a mistake. A few moves later we will see, the Q
doesn't protect the d6 P.} ({It was important to play} 19... O-O 20. g6 (20. f6
Rfb8) 20... fxg6 21. fxg6 $40 {and White is better, but still Black doesn't
have to resign.}) 20. c4 (20. Qf1 {was also good} O-O 21. f6 gxf6 22. gxf6 Nxf6
23. Bh6 $18 {and White wins.}) 20... O-O $6 {Loses immediately, but Black's
position was already bad.} 21. f6 Bd8 22. Rxd6 $18 Ncb8 23. Qg4 g6 24. h4 ({
The simple} 24. Bxd7 $18 {was also winning.}) 24... h5 25. Qf3 Bc7 26. Rxd7
Nxd7 27. Bxd7 Rad8 28. Nbc5 Qa8 29. Qd1 Qa7 30. Qd5 Ra8 31. Bd2 Rfd8 32. Bxb4
Ba5 33. a3 Qc7 34. Nc3 Bxb4 35. axb4 Qa7 36. Kc2 Rac8 37. Nb5 Qa1 38. Nd6 {
and finally Black resigned.} 1-0